An act to aid in strengthening the Army of the Confederate States.

Bibliographic Details
Corporate Author: Confederate States of America
Format: Microform Book
Language:English
Published: [Richmond] : [publisher not identified], [1863]
Series:Confederate imprints, 1861-1865 ; reel 2, no. 55.
Subjects:

MARC

Tag First Indicator Second Indicator Subfields
LEADER 00000cam a2200000 a 4500
001 in00001200749
005 20151002062049.0
007 hd afv---baca
008 890213s1863 xx al f000 0 eng d
035 |a (OCoLC)19174883 
035 |9 AGJ5572AM 
040 |a FEI  |c FEI  |d UtOrBLW 
043 |a n-usu-- 
049 |a TXAI 
090 |a E487  |b .C66 1974 reel 2 no. 55 
099 |a Film   |a  B 1664  |a reel 2, no. 55. 
110 1 |a Confederate States of America. 
245 1 3 |a An act to aid in strengthening the Army of the Confederate States. 
264 1 |a [Richmond] :  |b [publisher not identified],  |c [1863] 
300 |a 2 pages ;  |c 23 cm. 
336 |a text  |b txt  |2 rdacontent 
337 |a microform  |b h  |2 rdamedia 
338 |a microfilm reel  |b hd  |2 rdacarrier 
500 |a Caption title. 
500 |a "Approved March 28, 1863"--page 2. 
500 |a Filmed from the holdings of the Library of Congress. 
533 |a Microfilm.  |b New Haven, Conn. :  |c Research Publications,  |d [1974].  |e On reel 2 of 143 microfilm reels ; 35 mm.  |f (Confederate imprints, 1861-1865 ; reel 2, no. 55). 
539 |a s  |b 1974  |d ctu  |e n 
500 |a Microform. 
610 1 0 |a Confederate States of America.  |b Army  |x Recruiting, enlistment, etc.  |x Law and legislation. 
650 0 |a Desertion, Military  |z Confederate States of America. 
830 0 |a Confederate imprints, 1861-1865 ;  |v reel 2, no. 55. 
999 |a MARS 
999 f f |s f44d683c-0a8d-3308-a925-4a3886488e06  |i 78f2c96b-eebe-38ac-a234-5495b631fa7a  |t 0 
952 f f |p default  |a Texas A&M University  |b College Station  |c Sterling C. Evans Library  |d Evans: Microforms (3rd floor)  |t 0  |e Film B 1664 reel 2, no. 55.  |h Other scheme  |i microform -- microfilm reel 
998 f f |a Film B 1664 reel 2, no. 55.  |t 0  |l Evans: Microforms (3rd floor)